Skewness in financial returns evidence from the Portuguese stock market

Na minha lista:
Detalhes bibliográficos
Autor principal: Machado-Santos, Carlos
Outros Autores: Fernandes, Ana Cristina
Formato: Capítulo de Livro
Idioma:inglês
Assuntos:
Tags: Adicionar Tag
Sem tags, seja o primeiro a adicionar uma tag!

MARC

LEADER 00000naa$a2200000$$$4500
001 0038282
005 20231010105217.4
041 0 |a eng 
044 |a CZ 
245 1 0 |a Skewness in financial returns  |b evidence from the Portuguese stock market  |c Carlos Machado-Santos, Ana Cristina Fernandes 
610 2 0 |a trh kapitálový 
610 2 0 |a Portugalsko 
610 2 0 |a výnosy 
610 2 0 |a modely asymetrické 
100 1 |a Machado-Santos, Carlos 
700 1 |a Fernandes, Ana Cristina